MARC

LEADER 00000nam2a2200000 4500
001 299827
005 20231102001236.0
035 |a (RuTPU)RU\TPU\book\324980 
035 |a RU\TPU\book\315688 
035 |a RU\TPU\book\242968 
090 |a 299827 
100 |a 20150702d1982 k y0rusy5003 ca 
101 0 |a rus 
102 |a UA 
105 |a a z 001zy 
200 0 |a Вып. 24  |f под ред. М. В. Пашковского 
210 |d 1982 
215 |a 164 с.  |c ил. 
320 |a Библиогр. в конце ст. 
461 1 |0 (RuTPU)RU\TPU\book\242620  |t Физическая электроника  |o республиканский межведомственный научно-технический сборник  |f Львовский политехнический институт  |v Вып. 24  |d 1972-1990 
606 1 |a Электроника физическая  |x (физика)  |2 stltpush  |3 (RuTPU)RU\TPU\subj\20347  |9 45456 
610 1 |a электронная теория 
610 1 |a твердые тела 
610 1 |a кристаллы 
610 1 |a электронно-ионные процессы 
610 1 |a оптические свойства 
610 1 |a тензоры 
610 1 |a электролюминесцентные рленки 
610 1 |a гистерезис 
610 1 |a яркость 
610 1 |a магнитные поля 
610 1 |a ультразвук 
610 1 |a затухание 
610 1 |a тонкие пленки 
610 1 |a тензорезисторы 
610 1 |a преломление 
610 1 |a анизотропия 
610 1 |a монокристаллы 
610 1 |a фотоэлектрические свойства 
610 1 |a диэлектрические свойства 
610 1 |a дисперсия 
675 |a 537.5  |z rus  |v 3 
702 1 |a Пашковский  |b М. В.  |4 340 
801 0 |a RU  |b 63413507  |c 19950417  |g psbo 
801 1 |a RU  |b 63413507  |c 20120924 
801 2 |a RU  |b 63413507  |c 20190311  |g RCR 
942 |c BK